000 00282nam a22001337a 4500
008 210309b ||||| |||| 00| 0 eng d
041 _aeng
080 _a94
082 _a94
100 _a19
101 _aSHH
245 _aAt the Edge of History
_cThompson,I.W
942 _2udc
_cBK
999 _c56033
_d56033